Lumo stations - Statistics

General Stats
  • This quiz has been taken 115 times
    36 since last reset
  • The average score is 7 of 8
Answer Stats
Answer % Correct
London King's Cross
100%
Edinburgh
96%
Newcastle
96%
Haymarket
92%
Stevenage
88%
Morpeth
81%
Glasgow Queen Street
77%
Falkirk High
54%
No matching quizzes found
Score Distribution
Percent of People with Each Score
Percentile by Number Answered
Your Score History
You have not taken this quiz since the last reset